US State General Knowledge #4 - Nevada - Statistics

General Stats
  • This quiz has been taken 144 times
  • The average score is 31 of 64
Answer Stats
Hint Answer % Correct
"Sin City" Las Vegas
98%
584,000 Las Vegas
98%
Capital Carson City
94%
55,000 Carson City
94%
Abbreviation NV
94%
"The Biggest Little City in the World" Reno
94%
225,000 Reno
94%
Is Nevada a Swing State? Yes
94%
Arizona
87%
California
87%
Utah
86%
Idaho
84%
Oregon
83%
Dam for lake 1) Hoover Dam
81%
Longest river Colorado River
79%
Military base (UFOs) Area 51
71%
Largest lakes Lake Mead
69%
Prostitution
69%
Official Nickname The Silver State
68%
Lake Tahoe
66%
258,000 Henderson
65%
Desert to the south of the city Mojave Desert
65%
Most populous county Clark County
61%
Hotel of the new-elected POTUS Trump Intl.
55%
217,000 North Las Vegas
53%
Luxor
52%
What you do in a Vegas "chapel" Marry
50%
MGM Grand
50%
Allowed in Nevada (partly) Gambling
49%
Most famous hotels / casinos Bellagio
46%
Stretch of ^ Las Vegas Strip
46%
19,000 Elko
44%
Caesar's Palace
40%
Future NHL team Vegas Golden Knights
39%
Interstate in the north of the state I-80
38%
Year of statehood 1864
37%
Huge endorheic basin Great Basin
37%
Interstate in the south of the state I-15
34%
New York New York
34%
90,000 Sparks
34%
Venetian
30%
Mirage
27%
What "Nevada" means in English Snowy
27%
Circus Circus
26%
Mandalay Bay
26%
Pyramid Lake
25%
Famous sign: Welcome to ....... Fabulous Las Vegas
22%
Treasure Island
22%
Wynn
22%
15,000 Boulder City
21%
19,000 Fernley
20%
Major road through the city Las Vegas Boulevard
19%
Highest mountain Boundary Peak
17%
What they did in ^ Mining
17%
Stratosphere
17%
15,000 Mesquite
16%
What the name means in English The Meadows
16%
Pedestrian mall with a barrel vault conapy Fremont Street
15%
Palazzo
15%
Rhyolite or Berlin Ghost Towns
13%
State parks close to "Sin City" Red Rock Canyon
12%
Longest river entirely in Nevada Humboldt River
11%
Other, unofficial nickname Battle Born State
8%
Valley of Fire
7%
No matching quizzes found
Score Distribution
Percent of People with Each Score
Percentile by Number Answered
Your Score History
You have not taken this quiz